| 000 | 00516nam a2200181Ia 4500 | ||
|---|---|---|---|
| 001 | 9325 | ||
| 005 | 20260306161710.0 | ||
| 008 | 260306t2012||||xx |||||||||||||| ||spa|| | ||
| 041 | _aESP | ||
| 082 |
_a378.1 _bS747M |
||
| 100 |
_aSistema Nacional de Evaluación, Acreditación y Certificación de la Calidad Educativa _eAUT |
||
| 245 | 0 | _aMejoramiento de la calidad de la educación superior | |
| 260 | _c2012 | ||
| 300 |
_a266 páginas : _c29 cm. |
||
| 650 | _aGEN | ||
| 654 | _aCED | ||
| 942 |
_cLIB _dJUS _fJUS _2ddc _n |
||
| 999 |
_c9325 _d9325 |
||